000 01592cam a22004574i 4500
003 PE-LiUPU
005 20250731173456.0
008 150616s1992 cau r 000 0 eng d
020 _a0944344305
035 _a(Sirsi) i9780944344309
040 _aPE-LiUPU
_bspa
_cPE-LiUPU
_dPE-LiUPU
_erda
049 _aPRUA
082 0 4 _a226.1
_bM58
_221
100 1 _aMiller, Robert J.,
_eautor.
245 1 4 _aThe Complete Gospels :
_bannotated Scholars Version /
_cRobert J. Miller.
264 1 _aSonoma, California :
_bPolebridge Press,
_c1992.
300 _a432 páginas ;
_c23 centímetros
336 _atext
_2rdacontent
337 _aunmediated
_2rdamedia
338 _avolume
_2rdacarrier
505 0 _aNarrative gospels -- Sayings gospels -- Infancy gospels -- Fragmentary gospels -- Orphan sayings and stories.
526 _aSEG42
526 _aSEG41
526 _aSEG40
526 _aSEG39
526 _aP94
526 _aP87
526 _aP86
526 _aP85
526 _aP77
526 _aP76
526 _aP35
630 _aBiblia.
_pN.T.
_pEvangelios.
_lInglés.
_sScholars
_f1994.
910 _ajck
_bjvq
_cjck
942 _2ddc
_cBOOK
949 _a226.1 M58
_wDEWEY
_c1
_i39957
_lCCODEBUL1
_mBUL
_r0
_sY
_tBOOK
_u2015-6-16
_xTEOLOGIA
_zUNKNOWN
_0COMPRA
_o.STAFF. Colección General
994 _aC0
_bPEPRU
596 _a1
999 _a226.1 M58
_wDEWEY
_c57734
_i39957
_f2021-11-9
_g5
_lCCODEBUL1
_mBUL
_p28.99
_r0
_sY
_tBOOK
_u2015-6-16
_xTEOLOGIA
_PP35
_0COMPRA
_o.STAFF. Colección Teología
_d57734
980 _81
_gALBERTO SANCHEZ Responsable de Automatización